| 000 | 00000nas 2200000za 4500 |
| 001 | 9.506109 |
| 003 | CaOODSP |
| 005 | 20200325102221 |
| 007 | cr ||||||||||| |
| 008 | 150406d19981998xxc|| m o||||f| |0eng|d |
| 040 | |aCaOODSP|beng |
| 043 | |an-cn--- |
| 086 | 1 |aBT31-2/1998-IIIE-PDF |
| 110 | 1 |aCanada. |bTreasury Board. |
| 245 | 10|a1997-98 estimates. Part III, Expenditure plan |h[electronic resource] |
| 260 | |aOttawa - Ontario : |bTreasury Board of Canada Secretariat |cc1998. |
| 690 | 07|aEstimates|2gcpds |
| 775 | 08|tBudget des dépenses 1997-1998. Partie III, Plan de dépenses |w(CaOODSP)9.502512 |
| 776 | 0#|t1997-98 estimates, part III: Expenditure plan |w(CaOODSP)9.508958 |
| 776 | 0#|tBudget des dépenses 1997-1998, partie III: Plan de dépenses |w(CaOODSP)9.508959 |